000 004820000a22001930004500
001 003830
003 MACL
005 20150703142647.0
008 150703b xxu||||| |||| 00| 0 eng d
040 _aMACL
_cmacl
041 _aEnglish
082 _a300/KAU
100 _aKaur, Gurnam
_9459
245 _aShikh Value System And Social Change
_cGurnam Kaur
260 _aPublication bureau,
_c1995
_bPatiala
350 _a90
650 _aSocial Science
_929
942 _k300
_cBK
_2ddc
999 _c15723
_d15723